| 000 | 00889nam a2200229Ia 4500 | ||
|---|---|---|---|
| 003 | PE SENCICO BE | ||
| 005 | 20251020182534.0 | ||
| 008 | 200515s9999 xx 000 0 und d | ||
| 040 |
_aPE SENCICO BE _cPE SENCICO BE |
||
| 041 | _aspa | ||
| 082 |
_a72.015:728(85) _21 _bI59 |
||
| 110 | 1 |
_981 _aMinisterio de Vivienda del Perú _bInstituto de Investigación y Normalización de la Vivienda |
|
| 245 | 1 | 0 |
_aPrevi: introducción / _cInstituto de Investigación y Normalización de la Vivienda |
| 260 |
_aLima: _bPrevi: _cs.a. |
||
| 300 |
_a86 p.: _bdiagrs., cuadros; _c29 cm. |
||
| 520 | _aReseña de la metodología y el desarrollo del trabajo realizado en el proyecto Previ | ||
| 650 | 1 | 0 |
_aHistoria urbana _976 |
| 650 | 2 | 0 |
_aViviendas _977 |
| 650 | 2 | 0 |
_aDiseño de estructuras _916 |
| 650 | 2 | 0 |
_aUrbanismo _978 |
| 942 |
_cLIB _2ddc _e1 _h72.015:728(85) _iI59 |
||
| 999 |
_c2172 _d2172 |
||